LEADER 01337nam a2200289 i 4500 001 000000131163 003 CaOOAMICUS 005 20041111000000.0 008 041111s1984 it u000 u ita u 013 $a104020 020 $a88-215-0709-2 040 $aSeMil$bita 100 1 $aPiasecki, Bronislaw.$0(OLS)http://semarc/name/54210 240 10$aOstatnie Dni Primasa Tysiaclecia.$0(OLS)http://semarc/title/193031 245 13$aIl primate del millennio :$bUltima tappa terrena del Cardinale Stefan Wyszynski /$cBronislaw Piasecki. 260 $aRoma :$bPaoline,$c1984. 300 $a187 p. ;$c21 cm. 490 0 $aTestimoni del nostro tempo ;$v22 500 $aContiene : Scheda biografica del Cardinale Stefan Wyszynski. 600 14$aWyszy?ski, Stefan .$0(OLS)http://semarc/subject/17980 830 0$aTestimoni del nostro tempo ;$v22.$0(OLS)http://semarc/title/6456 850 $aSeMil 852 $aSeMil$W1$xVenegono$y1$m3G II 250$j85148$B85148$CSeMilBibl$Z2$F88877 $81 961 $aLascito: Antonelli don Mario 996 $6020$a88-215-0709-2$9(OLS)http://semarc/number/118096 996 $6245$aIl primate del millennio :$bUltima tappa terrena del Cardinale Stefan Wyszynski$9(OLS)http://semarc/title/193030 996 $6260$aRoma :$bPaoline$9(OLS)http://semarc/publisher/29686 LEADER 00999nam a2200265 i 4500 001 000000193261 003 CaOOAMICUS 005 20150330000000.0 008 150330n it u000 u ita u 013 $a171901 040 $aSeMil$bita 100 1 $aGuano, Emilio .$0(OLS)http://semarc/name/7621 245 10$aRicerca di Dio /$cEmilio Guano. 260 $aRoma :$bStudium,$cstampa 1938. 300 $a227 p. ;$c18 cm. 490 0 $aQuaderni di cultura religiosa ;$v32.-33 500 $aFondo card. Giovanni Colombo. 650 4$aDio - Ricerca.$0(OLS)http://semarc/subject/9399 830 0$aQuaderni di cultura religiosa ;$v32.-33.$0(OLS)http://semarc/title/42982 850 $aSeMil 852 $aSeMil$W1$xVenegono$y1$m3GC I 313$j143835$B143835$CSeMilBibl$Z2$F155316 $8B 941 1 $a3 961 $aLascito: Colombo Card. Giovanni 996 $6245$aRicerca di Dio$9(OLS)http://semarc/title/94230 996 $6260$aRoma :$bStudium$9(OLS)http://semarc/publisher/29617